书目信息 |
| 题名: |
自动控制原理实验指导
|
|
| 作者: | 叶志峰 , 徐爱民 , 李秋红 编著 | |
| 分册: | ||
| 出版信息: | 北京 国防工业出版社 2007.05 |
|
| 页数: | 167页 | |
| 开本: | 26cm | |
| 丛书名: | ||
| 单 册: | ||
| 中图分类: | TP13 | |
| 科图分类: | ||
| 主题词: | 自动控制理论--zi dong kong zhi li lun--高等学校--教学参考资料 | |
| 电子资源: | ||
| ISBN: | 978-7-118-05094-3 | |
| 000 | 00920nam0 2200253 450 | |
| 001 | 012007850513 | |
| 005 | 20070929102912.79 | |
| 010 | @a978-7-118-05094-3@dCNY24.00 | |
| 100 | @a20070814d2007 km y0chiy0120 ea | |
| 101 | 0 | @achi |
| 102 | @aCN@b110000 | |
| 105 | @aa a 000yy | |
| 200 | 1 | @a自动控制原理实验指导@Azi dong kong zhi yuan li shi yan zhi dao@f李秋红, 叶志峰, 徐爱民编著@Fli qiu hong,ye zhi feng,xu ai min bian zhu |
| 210 | @a北京@c国防工业出版社@d2007.05 | |
| 215 | @a167页@c图@d26cm | |
| 320 | @a有书目 (第166页)。 | |
| 330 | @a书中简要介绍了有关自动控制的基本概念和方法,通过大量实例阐述了如何应用Matlab进行控制系统的分析和设计。 | |
| 606 | 0 | @a自动控制理论@Azi dong kong zhi li lun@x高等学校@j教学参考资料 |
| 690 | @aTP13@v4 | |
| 701 | 0 | @a叶志峰@Aye zhi feng@4编著 |
| 701 | 0 | @a徐爱民@Axu ai min@4编著 |
| 701 | 0 | @a李秋红@Ali qiu hong@4编著 |
| 801 | 0 | @aCN@c20070929 |
| 905 | @dTP13@eL232 | |
| 自动控制原理实验指导/李秋红, 叶志峰, 徐爱民编著.-北京:国防工业出版社,2007.05 |
| 167页:图;26cm |
| ISBN 978-7-118-05094-3:CNY24.00 |
| 书中简要介绍了有关自动控制的基本概念和方法,通过大量实例阐述了如何应用Matlab进行控制系统的分析和设计。 |
| ● |
| 相关链接 |
|
|
|
正题名:自动控制原理实验指导
索取号:TP13/L232
 
预约/预借
| 序号 | 登录号 | 条形码 | 馆藏地/架位号 | 状态 | 备注 |
| 1 | 249249 | 202492490 | 自科库301/301自科库 101排3列6层/ [索取号:TP13/L232] | 在馆 | |
| 2 | 249250 | 202492506 | 自科库301/301自科库 33排4列3层/ [索取号:TP13/L232] |
已借出,限还日期为2024.12.27 借出人:陈怡泓 |
|
| 3 | 249251 | 202492515 | 自科库301/301自科库 101排3列6层/ [索取号:TP13/L232] | 在馆 |